Giáo trình sinh lí học thực vật
Salvato in:
| Autore principale: | |
|---|---|
| Altri autori: | |
| Natura: | Libro |
| Lingua: | Undetermined |
| Pubblicazione: |
H.
ĐHSP
2003
|
| Soggetti: | |
| Accesso online: | http://lrc.tdmu.edu.vn/opac/search/detail.asp?aID=2&ID=5553 |
| Tags: |
Aggiungi Tag
Nessun Tag, puoi essere il primo ad aggiungerne! !
|
| Thư viện lưu trữ: | Trung tâm Học liệu Trường Đại học Thủ Dầu Một |
|---|
| LEADER | 00653nam a2200205Ia 4500 | ||
|---|---|---|---|
| 001 | TDMU_5553 | ||
| 008 | 210410s9999 xx 000 0 und d | ||
| 082 | |a 571.2 | ||
| 090 | |b H407 | ||
| 100 | |a Hoàng, Minh Tấn | ||
| 245 | 0 | |a Giáo trình sinh lí học thực vật | |
| 245 | 0 | |c Hoàng Minh Tấn | |
| 260 | |a H. | ||
| 260 | |b ĐHSP | ||
| 260 | |c 2003 | ||
| 300 | |a 392tr. | ||
| 650 | |a Thực vật học; Sinh lý thực vật |v Giáo trình | ||
| 700 | |a Vũ, Quang Sáng | ||
| 856 | |u http://lrc.tdmu.edu.vn/opac/search/detail.asp?aID=2&ID=5553 | ||
| 980 | |a Trung tâm Học liệu Trường Đại học Thủ Dầu Một | ||